zpět

Detail výsledku týmu

The Old School, Vrchlabí

Datum a čas kvízu

34.5 Celkem bodů Celkový počet nahraných bodů na tomto kvízu bez doplňovacích otázek.
3. Pořadí na kvízu Konečné umístění týmu na tomto kvízu.

Zaznamenané odpovědi

# Otázka Odpověď Body Výsledky
1. Jeden politik sdílel na svém p... Jindřich Rajchl 1
2. Na fotografii vidíte uvíznutéh... Německa 1
3. Ve středu byla zveřejněna prvn... Harry Potter, HBO 1
4. Automobilka Škoda se rozhodla... v Číně 1
5. Jak se jmenuje muž, který nově... Ladislav Krejčí 0
6. „Na kterém z havajských ostrov... B 0
7. AZ Kvíz se na obrazovkách obje... 1 100 Kč 0
8. Doplňte tři slova do sloganu s... který vám zaplatí 1
9. Která herečka se objevuje v pa... Jiřina Bohdalová 0
10. Kdo byl moderátorem soutěže, j... Marek Eben, Valtice 0.5